| 000 | 00914nam a2200265Ia 4500 | ||
|---|---|---|---|
| 999 |
_c54259 _d54259 |
||
| 001 | 21315 | ||
| 003 | GE_BSU | ||
| 005 | 20221114120822.0 | ||
| 008 | 181216s2012||||gw |||||||||||||| ||eng|| | ||
| 020 | _a9783834929549x | ||
| 040 | _cGE_BSU | ||
| 041 | _aeng | ||
| 080 | _a005+339+811.112 S-31 | ||
| 100 |
_aSchmitt, Ir. _912716 |
||
| 245 |
_aPraxishandbuch Event Management - Das A-Z der perfekten Veranstaltungsorganisation - Mit zahlreichen Checklisten und Mustervorlagen / _cIr. Schmitt. |
||
| 250 | _a3 auflage | ||
| 264 |
_aWiesbaden : _bSpringer Gabler, _c2012. |
||
| 300 |
_a201 p. ; _c24 cm. |
||
| 541 | _h153 Gel | ||
| 653 | _aPraxishandbuch Event Management - Das A-Z der perfekten Veranstaltungsorganisation - Mit zahlreichen Checklisten und Mustervorlagen | ||
| 653 | _aვაჭრობა | ||
| 653 | _aმენეჯმენტი | ||
| 653 | _aმართვა | ||
| 942 |
_cBK _2udc |
||